00538 2200169 4500001002100000008004100021035002000062245009200082100001700174260004000191300002500231020002200256084001700278082001100295650004900306990001300355INLIS000000000000253 ind  a0010-0120000253 aPendidikan Agama Islam Al-Qur'an dan HadistbMadrasah Tsanawiyah Kelas VIIcAbdul Wadud aWadud, Abdul aSemarang :bKarya Toha Putra,c2009 avi, 120 hlm.c26 cm. a978-602-8368-39-1 a297.12 WAD p a297.12 aAl-Qur'an dan Hadist -- Studi dan Pengajaran a21900253